000 00997nam0a22002771 4500
001 rc\494427
005 20250621105351.0
010 _a5-229-00148-8
_91430
035 _a(NLR Aleph) 005736031
090 _a7627284
_c7627284
100 _a20030616d1988 |||y0rusy50 ca
101 0 _arus
102 _aRU
105 _aa |||||||||
200 1 _aОпыт эксплуатации дуговых печей малой и средней емкости
_fР.В. Минеев, О.А. Бадажков, И.А. Игнатов
210 _aМ.
_cМеталлургия
_d1988
215 _a78, [1] с.
_cил.
_d21
320 _aБиблиогр.: с. 79 (9 назв.)
700 1 _aМинеев
_bР.В.
_gРоберт Викторович
701 1 _aБадажков
_bО.А.
_gОлег Александрович
701 1 _aИгнатов
_bИ.А.
_gИван Андреевич
801 0 _aRU
_bNLR
_gpsbo
801 1 _aRU
_bELAR
_2rusmarc
852 _aNLR
_j88-4/17070
942 _cBOOK
980 _aNB